000 01087nas a2200313 4500
001 BR2013006028
003 BR-BrBNA
005 20231205122800.0
007 ta
008 230509b bl.|||p| |||| 00| 00por d
040 _aBR-BrBNA
_bpor
_cBiblioteca Nacional de Agricultura
041 _a(Pt)
072 _aF70
100 1 _aRech, A.R.
100 1 _aRosa, Y.B.C.J.
100 1 _aRosa-Junior, E.J.
245 1 _aLevantamento e características ecológicas de orchidacea e da mata ciliar do rio dourados, Dourados-MS
246 1 _aInventory and ecologic features of orchidaceae in the Rio Dourados riparian forest, Dourados-MS
650 _aORCHIDACEAE
650 _aORQUÍDEA
650 _aLEVANTAMENTO
650 _aDISTRIBUIÇÃO GEOGRÁFICA
650 _aTAXONOMIA VEGETAL
650 _a
773 0 _tRevista Árvore (Brazil)
_xISSN 0100-6762
_g(May-Jun 2011), v. 35(3 supl.1) p. 717-724
_wBR2013006028
856 4 _uhttp://www.scielo.br/pdf/rarv/v35n3s1/16.pdf
_yRecurso eletrônico (PDF)
909 _a202311
_bLúcia
_c55
_dLúcia Elande
942 _2AGRIS
_n0
_cANA
999 _c230524
_d230524